000
00362nam a22001577a 4500
003
MPLRDC
005
20220104114422.0
008
210129b ||||| |||| 00| 0 eng d
082
_a
857.63 CKL v.3 c.5
100
_a
岑凯伦著
245
_a
相思鸟
_c
260
_a
_b
环球出版社
_c
1990
300
_b
平
650
_a
942
_c
BK
_o
857.63 CKL v.3 c.5
999
_c
7324
_d
7314